One-Syllable TV Shows Quiz Stats

 Plays Quiz Updated May 12, 2019

Score 0/20 Timer 03:00
1 Play Today
TV Show % Correct
Friends
98.2%
Lost
89.9%
Scrubs
89%
ALF
88.8%
Cheers
87.2%
M*A*S*H
85.4%
Veep
74.3%
Monk
74.2%
CHiPs
72.3%
Glee
69.9%
TV Show % Correct
Bones
69.8%
Mom
69.7%
Coach
64.6%
Doug
59%
Psych
50.6%
Weeds
48.1%
GLOW
41.6%
Girls
39.4%
Chuck
38.4%
Oz
31.6%

You're not logged in!

Compare scores with friends on all Sporcle quizzes.
OR
Log In

Sporcle TV

Today on Sporcle TV


Watch our educational content, quiz creation guides, and fun videos on Sporcle TV.

Show Comments

Extras

Top Quizzes Today


Score Distribution

Your Account Isn't Verified!

In order to create a playlist on Sporcle, you need to verify the email address you used during registration. Go to your Sporcle Settings to finish the process.

Report this User

Report this user for behavior that violates our Community Guidelines.

Details: